[Event "36th Mitropa Cup Open 2018"]
[Site "Isola Capo Rizzuto"]
[Date "2018.06.03"]
[Round "4"]
[White "Baenziger, Fabian"]
[Black "Guidarelli, Laurent"]
[Result "1/2-1/2"]
[WhiteElo "2367"]
[BlackElo "2464"]
[Annotator "TA"]
[PlyCount "75"]
[EventDate "2018.05.31"]
[EventType "team-tourn"]
[EventCountry "ITA"]
[SourceTitle "playchess.com"]
[Source "ChessBase"]
[SourceQuality "1"]
[WhiteTeam "Switzerland"]
[BlackTeam "France"]
[WhiteTeamCountry "SUI"]
[BlackTeamCountry "FRA"]

{[%evp 21,75,18,20,9,7,-17,11,13,13,0,0,0,0,0,7,0,32,32,32,32,32,32,32,32,47,32,35,0,0,0,37,20,33,0,7,7,7,7,11,7,7,7,7,7,7,7,7,0,7,0,0,0,7,0,7,0]} 1. Nf3 d5 2. g3 Nf6 3. Bg2 e6 4. O-O Be7 5. c4 O-O 6. d4 dxc4 7. Qc2 b6 {E05: Katalanisch} (7... a6 8. a4 Bd7 9. Bg5 Bc6 10. Rd1 b5 11. Bxf6 Bxf6 12. Nc3 Qe8 13. d5 exd5 14. Nd4 Qe5 15. e4 dxe4 16. axb5 axb5 17. Nxc6 Nxc6 18. Rxa8 Rxa8 19. Qxe4 Qxe4 20. Bxe4 {½-½ (32) Wojtaszek,R (2744)-Giri,A (2777) Shamkir 2018}) 8. Bg5 Nd5 9. Bxe7 Qxe7 10. Qxc4 Ba6 11. Qc2 Nd7 {LiveBook: 3 Partien} 12. Nc3 Nxc3 13. Qxc3 $146 (13. bxc3 {seems wilder.} c5 14. Ne5 Rac8 15. Nc6 Qe8 16. Qb3) ({Vorgänger:} 13. bxc3 c5 14. Rfe1 {½-½ (14) Hilverda,A (2354)-Haba,P (2441) Germany 2018}) 13... Rac8 14. Rfe1 Bb7 15. Ne5 Bxg2 16. Nxd7 Qxd7 17. Kxg2 Rfd8 18. Rad1 c5 19. dxc5 Qxd1 20. Rxd1 Rxd1 $14 {[%mdl 4096] Endspiel KD-KTT} 21. Qb3 Rdd8 22. cxb6 Rb8 23. b7 {[#] Schwarz muss nun Db5 beachten.} Rd7 24. Qc3 {Und Dc8+ würde nun gewinnen.} Rdxb7 25. b3 g6 26. h4 h5 27. e4 Rb5 {Die Stellung ist ausgeglichen.} 28. Kf3 a5 29. Kf4 e5+ 30. Kf3 Rb4 31. Qxe5 a4 $1 32. bxa4 {[#] Und weiter mit Kf4 wäre nett.} Ra8 33. Kf4 {Droht Kg5 und aus.} Rbxa4 34. Qc3 R8a5 35. Qc8+ Kg7 {Weiss sollte ...Tf5+ verhindern.} 36. Qc3+ Kg8 37. Qc8+ Kg7 {Mit der Idee ...Tf5+.} 38. Qc3+ {Precision: Weiß = 46%, Schwarz = 58%.} 1/2-1/2

[Event "36th Mitropa Cup Open 2018"]
[Site "Isola Capo Rizzuto"]
[Date "2018.06.03"]
[Round "4"]
[White "Haring, Filip"]
[Black "Nagy, Gabor"]
[Result "0-1"]
[WhiteElo "2344"]
[BlackElo "2472"]
[Annotator "TA"]
[PlyCount "82"]
[EventDate "2018.05.31"]
[EventType "team-tourn"]
[EventCountry "ITA"]
[SourceTitle "playchess.com"]
[Source "ChessBase"]
[SourceQuality "1"]
[WhiteTeam "Slovakia"]
[BlackTeam "Hungary"]
[WhiteTeamCountry "SVK"]
[BlackTeamCountry "HUN"]

{[%evp 20,82,45,44,47,42,71,73,59,25,67,4,2,0,8,0,75,68,59,88,75,67,77,65,115,102,103,93,125,112,124,20,27,34,52,29,78,9,38,35,40,-34,-20,-97,-20,-220,-220,-222,-57,-210,-84,-210,-77,-85,-91,-989,-984,-982,-970,-29984,-879,-29994,-29995,-29995,-29996]} 1. e4 e5 2. Nf3 Nc6 3. d4 exd4 4. Nxd4 Nf6 5. Nxc6 bxc6 6. e5 Qe7 7. Qe2 Nd5 8. c4 Nb6 9. Nd2 a5 10. g3 Ba6 {C45: Scotch Game} (10... Qe6 11. Bg2 Bb4 12. O-O O-O 13. f4 f6 14. b3 fxe5 15. fxe5 Rxf1+ 16. Nxf1 d5 17. cxd5 cxd5 18. Bb2 {0-1 (40) Warakomski,T (2517)-Petrov,N (2573) Lisbon 2018}) 11. b3 {LiveBook: 5 Games} Qe6 12. Bg2 Bb4 {White is slightly better.} 13. O-O O-O 14. f4 f6 $146 ({Predecessor:} 14... Bc3 15. Ba3 Bxa1 16. Bxf8 Bd4+ 17. Kh1 Rxf8 {0-1 (17) Rohler,S (2253)-Baumegger,S (2382) Graz 2002}) 15. Bb2 ({White should play} 15. Nf3 $14) 15... d5 $11 {[%cal Rd5c4]} 16. Rac1 $36 {[%mdl 2048] White is more active.} Rad8 17. a3 Bxd2 (17... Bc5+ $11 18. Kh1 fxe5) 18. Qxd2 $16 dxc4 19. Qxa5 c3 20. Qxc3 {Rfe1 is the strong threat.} Bxf1 21. Bxf1 Rf7 22. a4 ({But not} 22. Qxc6 $6 Qxb3 23. Qc3 Qd5 $11) 22... fxe5 23. a5 ({Weaker is} 23. fxe5 Qh6 $15) ({Worse is} 23. Qxc6 Qxc6 24. Rxc6 exf4 $17) 23... Nd5 24. Qxe5 Qd7 25. a6 (25. Qe4 $16) 25... Nxf4 {With the idea ...Nd3.} 26. Bc4 {[%csl Gb2][%cal Re5g7]} Nd5 27. a7 Re7 28. Qd4 (28. Qg5 $16) 28... Qe8 29. Rf1 Kh8 30. Bxd5 (30. Qh4 $14) 30... cxd5 $15 31. b4 (31. Bc3 $11 {keeps the balance.}) 31... c6 (31... Ra8 $17 32. Bc3 c6) 32. Bc3 $2 (32. Qf2 $1 $11) 32... Ra8 $1 $19 33. Ra1 Kg8 $2 ({Black should try} 33... h6 $19 34. Qb6 Kh7) 34. Qb6 $2 {[#]} ({Better is} 34. b5 $1 $15) 34... h6 (34... h5 $1 $19 {has better winning chances. White must now prevent ...h4!} 35. Qc5 Rf7) 35. Qc5 {[#]} (35. Bd4 $17) 35... Re4 (35... Rf7 $1 $19 {and Black stays clearly on top. aiming for ...Qe2.} 36. b5 cxb5) 36. Qb6 Kh7 37. Ra3 $2 {[%mdl 8192] [#]} (37. Bd4 $17) 37... d4 $1 38. Bd2 (38. Bxd4 Re1+) 38... Qh5 {( -> ...Re2)} 39. Qxc6 Re2 (39... Qd1+ $142 40. Kg2 Qxd2+ 41. Kh3 Qe2 42. Qxe4+ Qxe4 43. Ra1 Qe7 44. Rb1 Qe6+ 45. g4 Qe3+ 46. Kg2 Rxa7 47. Rb2 Ra3 48. h3 Qf3+ 49. Kh2 Qg3+ 50. Kh1 Ra1+ 51. Rb1 Rxb1#) 40. Qc2+ Kh8 41. h4 Qd5 {Precision: White = 27%, Black = 31%.} 0-1

[Event "36th Mitropa Cup Open 2018"]
[Site "Isola Capo Rizzuto"]
[Date "2018.06.03"]
[Round "4"]
[White "Dobrovoljc, Vid"]
[Black "Srbis, Jurica"]
[Result "0-1"]
[WhiteElo "2310"]
[BlackElo "2416"]
[Annotator "TA"]
[PlyCount "70"]
[EventDate "2018.05.31"]
[EventType "team-tourn"]
[EventCountry "ITA"]
[SourceTitle "playchess.com"]
[Source "ChessBase"]
[SourceQuality "1"]
[WhiteTeam "Slovenia"]
[BlackTeam "Croatia"]
[WhiteTeamCountry "SLO"]
[BlackTeamCountry "CRO"]

{[%evp 20,70,98,95,138,146,147,145,136,133,150,142,150,127,107,83,73,84,84,79,80,0,48,-15,-6,-8,57,-15,0,0,35,17,34,20,30,-261,0,0,0,-211,0,-150,-143,-118,-117,-179,-199,-5231,-743,-710,-692,-29982,-29983]} 1. d4 Nf6 2. c4 g6 3. Nc3 Bg7 4. e4 d6 5. Be2 O-O 6. Be3 e5 7. d5 a5 8. g4 Na6 {E73: King's Indian: Averbakh Variation without 6...c5} 9. h4 Nc5 10. Bf3 (10. f3 h5 11. g5 Nh7 12. Kd2 Bd7 13. Nh3 c6 14. Nf2 cxd5 15. exd5 f5 16. gxf6 Nxf6 17. Bxc5 dxc5 {0-1 (37) Vallejo Pons,F (2705)-Radjabov,T (2741) Palma de Mallorca 2017}) 10... Qd7 11. g5 $1 {[%cal Rg5f6] LiveBook: 7 Games} Nh5 12. Bxh5 gxh5 13. Bxc5 $1 dxc5 14. Qxh5 f5 $146 ({Predecessor:} 14... Ra6 15. Qe2 f6 {1-0 (46) Haessel,D (2212)-Valencia,B (2283) Edmonton 2016}) 15. Nge2 fxe4 16. Nxe4 Qf5 17. N2g3 Qf4 {White must now prevent ...Bg4.} 18. Qe2 {aiming for Nh5.} Bg4 19. Qe3 Bf3 20. Rh2 (20. Rg1 $16) 20... Kh8 21. a4 (21. g6 $14) 21... b6 $11 22. h5 {And now h6 would win.} h6 ({Better is} 22... Bxe4 $11 23. Qxe4 Qxg5) 23. g6 (23. Ra3 $1 $14) 23... Rad8 24. Nd2 Qg4 (24... e4 $5) 25. Nxf3 Rxf3 26. Qe2 e4 27. Rg2 $2 {[%mdl 8192]} (27. Ra3 $11 {and White is okay.}) 27... Re8 $2 (27... Rdf8 $1 $19 28. Kd2 (28. Qxe4 Qh3 $17) 28... Qf4+ 29. Kd1 e3) 28. Ra3 $1 Bd4 {[%cal Bg7d4,Bd4e3,Be3f2][%mdl 32]} 29. Kd1 $2 {[#]} (29. Rxf3 $11 {and White stays safe.} Qxf3 30. Rh2) 29... e3 $2 (29... Ref8 $1 $19 {Strongly threatening ...Kg8.} 30. Re3 Bxe3 31. fxe3 Kg7) 30. fxe3 ({Only move:} 30. Kc2 $11) 30... Bxe3 $17 31. Kc2 Qf4 $36 {[%mdl 3072] Black has strong compensation. Black has strong initiative.} 32. Qe1 {[#]} (32. g7+ $17 Kg8 33. Nh1) 32... Re5 $1 $19 33. Ne2 $2 (33. Kb1) 33... Qf5+ (33... Qe4+ $142 34. Rd3 Bg5) 34. Rd3 Bf2 35. Qc3 Rxd3 {Precision: White = 38%, Black = 30%.} 0-1

[Event "36th Mitropa Cup Open 2018"]
[Site "Isola Capo Rizzuto"]
[Date "2018.06.05"]
[Round "5.1"]
[White "Tomazini, Zan"]
[Black "Mihok, Oliver"]
[Result "0-1"]
[WhiteElo "2415"]
[BlackElo "2550"]
[Annotator "TA"]
[PlyCount "114"]
[EventDate "2018.05.31"]
[EventType "team-tourn"]
[EventCountry "ITA"]
[SourceTitle "playchess.com"]
[Source "ChessBase"]
[SourceQuality "1"]
[WhiteTeam "Slovenia"]
[BlackTeam "Hungary"]
[WhiteTeamCountry "SLO"]
[BlackTeamCountry "HUN"]

{[%evp 16,114,0,-17,13,-26,-17,-33,0,-4,36,27,35,27,80,81,80,76,179,98,123,42,87,94,117,114,158,129,118,132,128,116,136,137,156,162,163,162,187,117,156,133,204,218,267,81,200,191,206,0,19,0,0,0,0,-76,-72,-89,-85,-114,-106,-113,-104,-108,-103,-280,-77,-79,-86,-79,-74,-91,-67,-200,-123,-165,-83,-154,-168,-158,-154,-157,-141,-153,-164,-233,-198,-202,-190,-196,-186,-237,-228,-186,-119,-277,-280,-685,-701,-4927,-2826]} 1. e4 e5 2. Nf3 Nc6 3. Bc4 Bc5 4. d3 Nf6 5. Bb3 (5. O-O d6 6. c3 O-O 7. a4 a6 8. Re1 Ba7 9. h3 Ne7 10. Nbd2 Ng6 11. Nf1 Be6 12. Bxe6 fxe6 13. Ng3 h6 14. d4 Nd7 15. Be3 Qe7 16. a5 Kh7 17. Nd2 Rf7 18. Nc4 {½-½ (57) Caruana,F (2822)-Nakamura,H (2769) Stavanger 2018}) 5... O-O 6. Bg5 {C50: Hungarian Defence and Giuoco Pianissimo} h6 7. Bh4 g5 $146 ({Predecessor:} 7... Be7 8. Nbd2 d6 9. Nf1 Nd7 10. Bxe7 Qxe7 11. c3 Nc5 12. Bd5 Nd8 {½-½ (35) Schmaltz,R (2504)-Breder,D (2461) Austria 2016}) 8. Bg3 d6 9. c3 {LiveBook: 3 Games} Kg7 10. Nbd2 {[%cal Bb1d2,Bd2f1,Bf1h2,Bh2g4][%mdl 32]} Nh5 11. Qe2 Qf6 12. Nf1 Nf4 13. Bxf4 $1 gxf4 14. g4 fxg3 (14... Bxg4 $2 15. Rg1 $18) (14... Rg8 $11) 15. hxg3 $16 Bg4 16. N1h2 Bh5 (16... Bd7 $16 {keeps fighting.}) 17. Bd1 (17. g4 $18 Bg6 18. Nf1) 17... Rad8 18. Qf1 (18. g4 $16 Bg6 19. Bb3) 18... Rh8 19. Nh4 Bg6 20. Ng4 Qe6 21. Ne3 Bxe3 22. fxe3 {[%cal Bf2e3,Be3e4][%mdl 32]} d5 23. Bb3 $1 Ne7 24. exd5 Qg4 25. e4 $1 Qxg3+ 26. Kd2 Rd6 {Black wants to play ...Rf6.} 27. Rh3 ({Better is} 27. Qe2 $18) 27... Qg5+ 28. Kc2 {Hoping for Nf3.} Rf6 (28... Bh5 $16 {was necessary.}) 29. Nf3 $1 $18 Qf4 30. Qe2 $2 (30. Qg2 $18 {has better winning chances.}) 30... h5 (30... Bh5 $16 31. Rg1+ (31. Rxh5 Qxf3 32. Qxf3 Rxf3 $16) 31... Kf8 32. Rxh5 Qxf3 33. Qxf3 Rxf3) 31. Rf1 h4 32. Qd2 $2 (32. Qg2 $18 Rh5 33. Rfh1) 32... Qxd2+ $1 $11 33. Kxd2 {Threatens to win with Rg1.} Bh5 $1 {[%cal Rh5g4] And now ...Bg4 would win.} 34. Rg1+ Rg6 35. Rgh1 (35. Rxg6+ $11 {keeps the balance.} Nxg6 36. Nxh4) 35... Bxf3 $17 36. Rxf3 {Black must now prevent d6!} Rg2+ 37. Kc1 f6 38. Rfh3 Ng6 39. Bc2 Rh5 40. c4 $2 (40. R3h2 $17 {is a better defense.} Rg3 41. Rh3) 40... b6 $2 (40... Nf4 $1 $19 {[%cal Rf4h3] is more deadly.} 41. R3h2 (41. Rxh4 $2 Ne2+ 42. Kb1 Rxh4 $19) 41... h3) 41. b4 Kf7 42. c5 Ke7 43. a3 Rhg5 44. Kb2 (44. R3h2 $15) 44... bxc5 45. bxc5 Nf4 (45... R5g3 $19 46. Kc3 Rxh3 47. Rxh3 Rg3) 46. d6+ (46. Rxh4 $142 Nxd3+ 47. Kc3 Nxc5 48. R4h3) 46... cxd6 47. cxd6+ Kxd6 48. Rxh4 Nxd3+ $1 49. Kc3 {[#]} Nc5 $1 50. Rd1+ (50. R4h3 {was called for.}) 50... Kc6 {...R5g3+ is the strong threat.} 51. Rh3 R5g3+ 52. Rxg3 Rxg3+ $19 {KRB-KRN} 53. Kb2 {[#]} (53. Kd2 {might work better.}) 53... Rg4 $1 54. Re1 Rf4 (54... Kb5 $19 55. Rf1 Nxe4 56. Bd3+ Kc5 57. Bxe4 Rxe4 58. Rxf6 a5) 55. Re2 $2 (55. Kc3 $17) 55... Kb5 56. Bb3 $2 (56. Kc3) 56... Rxe4 57. Rf2 Nd3+ {Precision: White = 34%, Black = 49%.} 0-1

[Event "36th Mitropa Cup Open 2018"]
[Site "Isola Capo Rizzuto"]
[Date "2018.06.05"]
[Round "5.2"]
[White "Kantor, Gergely"]
[Black "Drnovsek, Gal"]
[Result "1/2-1/2"]
[WhiteElo "2519"]
[BlackElo "2403"]
[Annotator "TA"]
[PlyCount "69"]
[EventDate "2018.05.31"]
[EventType "team-tourn"]
[EventCountry "ITA"]
[SourceTitle "playchess.com"]
[Source "ChessBase"]
[SourceQuality "1"]
[WhiteTeam "Hungary"]
[BlackTeam "Slovenia"]
[WhiteTeamCountry "HUN"]
[BlackTeamCountry "SLO"]

{[%evp 20,69,30,42,44,31,34,12,13,21,24,15,6,8,-1,-40,-41,-32,-11,-46,-39,-37,-28,-18,-11,-16,-8,-4,0,-10,0,-6,-11,-12,-15,-9,0,0,0,-74,0,0,0,0,0,0,0,0,0,0,0,0]} 1. d4 Nf6 2. c4 e6 3. g3 d5 4. Bg2 Be7 5. Nf3 O-O 6. O-O dxc4 7. Ne5 c5 8. dxc5 Qc7 {E05: Open Catalan: 5 Nf3 Be7} 9. Nxc4 Rd8 (9... Qxc5 10. b3 Rd8 11. Qc2 Nc6 12. Ba3 Nb4 13. Qb2 Nfd5 14. e4 Nb6 15. Nbd2 Nxc4 16. Nxc4 b5 17. Ne3 Bb7 18. Rfd1 a5 19. Qe2 Qb6 20. Bb2 Bc5 21. Qg4 Bd4 22. Rxd4 Rxd4 23. Bxd4 Qxd4 24. Rd1 Qb6 {½-½ (24) Bindrich,F (2598)-Michalik,P (2546) Germany 2018}) 10. Qb3 Nc6 11. Be3 {LiveBook: 3 Games. And now Nc3 would win.} Nd4 12. Bxd4 $1 Rxd4 13. Nba3 $146 {[%cal Bb1a3,Ba3b5,Bb5d4][%mdl 32] [#] aiming for Nb5.} ({Predecessor:} 13. Nbd2 Bxc5 14. Rac1 Rd8 15. Ne4 Nxe4 16. Bxe4 g6 17. Rfd1 Rxd1+ 18. Rxd1 Rb8 19. Qc3 {½-½ (19) Maitre,F (2293)-Oliynyk,V (2284) ICCF email 2015}) 13... Qxc5 14. Rac1 Rd8 15. Rfd1 Rxd1+ 16. Rxd1 Rb8 17. Nb5 Bd7 18. a4 Bc6 19. Ne3 a6 20. Nd4 Bxg2 21. Kxg2 Qc7 22. Nf3 Nd7 23. Rd2 Nc5 24. Qc4 {[#] Threatens to win with b4.} (24. Qc2 {feels hotter.} Rd8 25. Rxd8+ Qxd8 26. b4 Nd7 27. b5) 24... Rd8 (24... b5 {is interesting.} 25. axb5 axb5 26. Qc1 Qb7 27. Qd1 Qe4) 25. Rxd8+ Qxd8 26. b3 h6 27. h4 Qd7 28. Ne5 Qd6 29. Nf5 (29. Nd3 $11) 29... exf5 (29... Qxe5 $17 30. Nxe7+ Kf8) 30. Qxf7+ $11 {The position is equal.} Kh7 31. Qxf5+ Kg8 {Hoping for ...Qd5+.} 32. Qf7+ Kh7 33. Qf5+ Kg8 {Strongly threatening ...Qd5+.} 34. Qf7+ Kh7 35. Qf5+ {Precision: White = 53%, Black = 44%.} 1/2-1/2

[Event "36th Mitropa Cup Open 2018"]
[Site "Isola Capo Rizzuto"]
[Date "2018.06.05"]
[Round "5.3"]
[White "Janzelj, Tim"]
[Black "Korpa, Bence"]
[Result "1-0"]
[WhiteElo "2420"]
[BlackElo "2497"]
[Annotator "TA"]
[PlyCount "113"]
[EventDate "2018.05.31"]
[EventType "team-tourn"]
[EventCountry "ITA"]
[SourceTitle "playchess.com"]
[Source "ChessBase"]
[SourceQuality "1"]
[WhiteTeam "Slovenia"]
[BlackTeam "Hungary"]
[WhiteTeamCountry "SLO"]
[BlackTeamCountry "HUN"]

{[%evp 23,113,0,8,2,24,7,9,9,22,27,39,51,61,50,61,24,45,46,47,33,34,4,76,72,70,71,58,8,75,0,58,16,27,16,20,0,0,0,0,4,8,0,0,0,0,0,0,0,0,0,0,0,207,200,500,495,496,493,460,444,587,591,558,560,533,532,588,568,716,708,745,725,1510,1477,1724,1874,1527,1472,5650,6077,5318,5296,29979,29979,29979,29981,29981,29982,29982,29983,29982,29983]} 1. Nf3 c5 2. c4 Nc6 3. g3 g6 4. Bg2 Bg7 5. O-O e6 6. Nc3 Nge7 7. e3 O-O 8. d4 d6 9. dxc5 {A37: Englische Eröffnung (Symmetrische Variante)} (9. Re1 h6 10. d5 Na5 11. Qd3 b6 12. e4 Ba6 13. b3 g5 14. h4 g4 15. Nh2 h5 16. Bg5 Qd7 17. dxe6 fxe6 {½-½ (90) Eljanov,P (2711)-Vidit,S (2715) Riadh 2017}) 9... dxc5 10. Qe2 a6 11. Rd1 Qc7 12. Bd2 b6 {LiveBook: 3 Partien} 13. Na4 h6 $146 ({Vorgänger:} 13... f5 14. Bc3 e5 15. a3 e4 16. Ne1 Be6 {½-½ (66) Karimov,I (2253)-Vokhidov,S (2266) Tashkent 2015}) 14. Rab1 Bb7 15. Bc3 e5 16. Ne1 a5 17. b3 Nf5 18. Ba1 Nce7 19. Nc3 Rad8 20. Bxb7 Qxb7 21. Qf3 (21. Rxd8 {looks sharper.} Rxd8 22. Rd1 Qb8 23. Nf3 Kh7 24. Nd2) 21... Qb8 22. Nc2 Rxd1+ (22... Nd6 $11) 23. Rxd1 $16 Rd8 24. Na3 Nd6 25. Rd2 Ndf5 (25... e4 $11 {hält das Gleichgewicht.} 26. Qd1 f5) 26. Rd1 Nd6 $1 27. Qe2 e4 28. Bb2 f5 29. Nd5 Nxd5 30. Rxd5 Nf7 31. Bxg7 Kxg7 32. Qb2+ Kf8 33. Kg2 (33. Qd2 {with more complications.} Ke7 34. Nb5 Ne5 35. Kg2 Nd3 36. Nc3) 33... Rxd5 34. cxd5 b5 35. Qe2 Nd6 36. Qb2 $36 {[%mdl 2048] Droht stark Dh8+. Weiss drückt.} Nf7 $1 37. h3 Ke7 $2 (37... Kg8 $11 {und Schwarz muss sich keine Sorgen machen.}) 38. Qg7 $18 Qb6 $2 {[#]} (38... Qe5 39. Qxg6 b4) 39. Nxb5 $1 {[%mdl 512]} Qxb5 {[#]} 40. d6+ $1 {[%mdl 512]} Kxd6 {Und weiter mit ...Sd8 wäre nett.} 41. Qf6+ ({Schwächer ist} 41. Qxf7 g5 $18) 41... Kd5 {Droht ...Se5 und aus.} 42. Qxf7+ {[%mdl 4096] Endspiel KD-KD} Ke5 43. Qg7+ Kd5 44. Qxg6 Qd7 45. Qxh6 a4 46. Qa6 axb3 47. axb3 Ke5 48. Qb6 Kd5 49. Qf6 Qh7 50. Qg5 Kd6 51. h4 {[%cal Bh3h4,Bh4h5][%mdl 32]} Qf7 52. h5 Qxb3 53. Qxf5 {Weiß setzt Matt.} Qe6 54. Qxe6+ Kxe6 55. Kf1 Kf5 56. Ke2 Kg5 {[#]} 57. g4 $1 {Precision: Weiß = 54%, Schwarz = 37%.} 1-0

[Event "36th Mitropa Cup Open 2018"]
[Site "Isola Capo Rizzuto"]
[Date "2018.06.05"]
[Round "5.4"]
[White "Nagy, Gabor"]
[Black "Dobrovoljc, Vid"]
[Result "1/2-1/2"]
[WhiteElo "2478"]
[BlackElo "2294"]
[Annotator "TA"]
[PlyCount "81"]
[EventDate "2018.05.31"]
[EventType "team-tourn"]
[EventCountry "ITA"]
[SourceTitle "playchess.com"]
[Source "ChessBase"]
[SourceQuality "1"]
[WhiteTeam "Hungary"]
[BlackTeam "Slovenia"]
[WhiteTeamCountry "HUN"]
[BlackTeamCountry "SLO"]

{[%evp 19,81,0,0,-31,-25,-34,-21,-66,-75,-71,-66,-68,-68,-81,-34,-38,-20,-17,-20,-19,-20,-19,-9,-14,-14,-27,-11,-28,-11,-5,0,0,0,2,0,0,0,0,0,0,6,11,45,21,37,0,3,0,43,55,60,22,41,0,27,0,0,-41,-31,-52,-38,-40,-40,-33]} 1. c4 Nf6 2. Nc3 e6 3. e4 d5 4. e5 d4 5. exf6 dxc3 6. bxc3 Qxf6 7. d4 {[%cal Bd2d4,Bd4d5][%mdl 32]} e5 8. Nf3 Nc6 {A18: English Opening: Flohr-Mikenas System (1 c4 Nf6 2 Nc3 e6 3 e4)} 9. Bg5 (9. Be2 exd4 10. Bg5 Qg6 11. O-O dxc3 12. Bd3 Qd6 13. Re1+ Be7 14. c5 Qxc5 15. Bxe7 Nxe7 16. Re5 {1-0 (36) Dubov,D (2701)-Nakamura,H (2787) Moscow 2018}) 9... Qg6 10. d5 Nb8 {LiveBook: 30 Games. The position is equal.} 11. Be3 Nd7 12. h4 Be7 13. c5 $146 ({Predecessor:} 13. h5 Qd6 14. Bd3 {½-½ (14) Lehmann,Z (2312)-Bekefi,L (2284) Hungary 2006}) 13... Bxc5 14. Nxe5 Qe4 15. Nc4 O-O 16. Qd3 Qxd3 (16... Qe7 {keeps more tension.} 17. Be2 Re8 18. O-O Qxh4 19. Bxc5 Nxc5 20. Qd4 Qxd4 21. cxd4 Rxe2 22. dxc5 b6) 17. Bxd3 Bxe3 18. Nxe3 Nc5 19. Bc2 b6 20. c4 Bd7 21. O-O-O Rae8 22. Rd4 Re5 23. g4 Rfe8 24. Kd2 g6 25. h5 Ne4+ (25... Kg7 {looks sharper.} 26. h6+ Kf8 27. Rh3 Nb7 28. Rf4 Nd6) 26. Bxe4 Rxe4 27. Rxe4 Rxe4 28. hxg6 hxg6 $11 {[%mdl 4096] Endgame KRB-KRN} 29. f3 Re8 (29... Rf4 {seems wilder.} 30. Ke2 Kf8 31. Rc1 Ke7 32. Ng2 Rf6) 30. Rc1 Rd8 31. Rc3 Kf8 32. Ra3 a5 33. c5 Bc6 34. Rd3 Bb5 35. Rc3 Ke7 36. Ke1 Ba6 37. d6+ Kd7 38. Nd5 bxc5 {Black is slightly better.} 39. dxc7 Re8+ 40. Kd1 {[#] Black must now prevent Nf6+.} Kc6 41. Nf6 {Precision: White = 46%, Black = 42%.} 1/2-1/2

[Event "36th Mitropa Cup Open 2018"]
[Site "Isola Capo Rizzuto"]
[Date "2018.06.05"]
[Round "5.5"]
[White "Bogner, Sebastian"]
[Black "Kuljasevic, Davorin"]
[Result "1-0"]
[WhiteElo "2588"]
[BlackElo "2534"]
[Annotator "TA"]
[PlyCount "97"]
[EventDate "2018.05.31"]
[EventType "team-tourn"]
[EventCountry "ITA"]
[SourceTitle "playchess.com"]
[Source "ChessBase"]
[SourceQuality "1"]
[WhiteTeam "Switzerland"]
[BlackTeam "Croatia"]
[WhiteTeamCountry "SUI"]
[BlackTeamCountry "CRO"]

{[%evp 16,97,13,0,3,8,20,14,19,11,21,13,14,14,108,108,184,183,202,203,207,205,188,201,190,113,104,99,99,99,150,147,148,121,122,136,186,179,175,183,181,176,162,172,160,186,194,182,233,222,195,212,223,205,265,178,196,0,260,258,272,228,332,328,315,315,323,294,312,311,359,356,348,329,451,447,417,413,575,587,616,594,1808,892]} 1. d4 Nf6 2. c4 e6 3. g3 d5 4. Bg2 Bb4+ 5. Nd2 O-O 6. Ngf3 b6 7. O-O Bb7 8. Ne5 Qc8 9. cxd5 {LiveBook: 3 Partien. E16: Damenindisch (Hauptfortsetzung mit Lb4)} Bxd5 10. f3 $146 ({Vorgänger:} 10. e4 Bb7 11. Qc2 c5 12. Ndc4 cxd4 13. Bd2 Be7 14. Qd3 Na6 15. Rac1 Qd8 16. Qb1 Nc5 17. Rfe1 d3 18. f3 b5 19. b4 bxc4 20. bxc5 Bxc5+ 21. Kh1 Ba6 22. Nxd3 Ba3 23. Rc3 Be7 {0-1 (23) Dobrov,V (2515)-Carlsen,M (2837) Riadh 2017}) 10... Nbd7 11. e4 {Die Stellung ist ausgeglichen.} Bb7 $1 12. Ndc4 {[%cal Bd2c4,Bc4e5,Be5d3][%mdl 32]} Nxe5 13. Nxe5 Rd8 14. Be3 c5 (14... Bd6 $11 {hält das Gleichgewicht.} 15. Qa4 c5) 15. Rc1 $36 {[%mdl 2048] [#] Droht a3 und aus. Weiss ist am Drücker.} Ba6 (15... Qb8 $16) 16. a3 $18 Bxf1 17. Bxf1 Nd7 18. Nd3 ({Nicht} 18. axb4 Nxe5 19. f4 Nd7 $11) ({Auf keinen Fall} 18. Nxd7 $6 Qxd7 19. axb4 cxd4 $16) 18... Bxa3 19. bxa3 Qb7 20. Qb3 ({Günstiger ist} 20. dxc5 $18 Nxc5 21. Nxc5 bxc5 22. Qa4) 20... cxd4 $16 21. Bxd4 Rac8 22. Rb1 Nf8 (22... Qc6 $142 23. Qb2 f6) 23. Qb2 f6 24. Nb4 {zielt auf La6 ab.} Qd7 25. Be3 Qd6 26. Ba6 Rc7 27. Kg2 Ng6 28. Qb3 Kh8 29. Nd3 Nf8 30. Nf4 Qe5 31. Ne2 {Und weiter mit Lf4 wäre nett.} Ng6 (31... Qa5 $142) 32. a4 h6 33. Bc4 Re7 34. Nf4 Nf8 35. Qb4 Qd6 36. Qb3 $2 (36. Qb5 $18) 36... Kh7 $2 {[%mdl 8192]} (36... Qe5 $1 $11 {und Schwarz ist OK.}) 37. h4 {[%cal Bh2h4,Bh4h5][%mdl 32]} Rc8 38. h5 Rc6 (38... Rec7 $142) 39. Bb5 $18 Rc8 40. Rd1 {[%cal Bb1d1,Bd1d6,Bd6c6,Bc6c8][%mdl 32]} Qc7 41. Qb4 {Tc1 ist eine echte Drohung.} Rf7 42. Rd6 Rd8 43. e5 fxe5 44. Rc6 Qe7 45. Qe4+ Kg8 46. Qxe5 Rf5 47. Qe4 {Weiß steht klar auf Gewinn.} Rd6 48. Rc8 {Schwarz muss nun Sg6 beachten.} Kf7 {[#]} 49. Be8+ {Precision: Weiß = 71%, Schwarz = 50%.} (49. Ng6 $142 $1 {[%mdl 512]}) 1-0